[Event "AUTO-ELITE-458"]
[Site "http://www.queenalice.com/game.php?id=697050"]
[Date "2009.12.12"]
[Round "1"]
[White "lesbbica"]
[Black "JimMorrisson"]
[Result "0-1"]
[WhiteElo "2173"]
[BlackElo "2231"]

1. e4 c5 2. Nf3 e6 3. d4 cxd4 4. Nxd4 a6 5. Bd3 Nf6 6. Nc3 d6 7. O-O Nbd7 8. Be3
b5 9. a4 b4 10. Nc6 Qc7 11. Nxb4 d5 12. Nba2 Bb7 13. exd5 Nxd5 14. Nxd5 Bxd5 15.
Nc3 Bb7 16. Qg4 Nf6 17. Qg3 Bd6 18. Qh4 h6 19. a5 g5 20. Bxg5 Qc6 21. Qh3 hxg5
22. Be4 Rxh3 23. Bxc6+ Bxc6 24. gxh3 Nh5 25. Rfd1 Ke7 26. Ne2 Rb8 27. Ra2 Rb4
28. Nd4 Bb7 29. b3 Bd5 30. c4 Ba8 31. Re2 Nf4 32. Re3 Bc5 33. Kf1 Rb8 34. Rd2
Kf6 35. Rg3 Bb4 36. Rd1 Rd8 37. h4 gxh4 38. Rg4 e5 39. Rxh4 Bg2+ 40. Kg1 Rg8 41.
Rh6+ Kg5 42. Rxa6 exd4 43. h4+ Kxh4 44. Kh2 Kg5 45. f3 Rh8+ 46. Kg3 Rh3+ 47. Kf2
Rxf3+ 48. Kg1 d3 49. Rc6 Bc3 50. Rd6 Be5 0-1

[Event "Let's Play Chess!"]
[Site "http://www.queenalice.com/game.php?id=702135"]
[Date "2009.12.23"]
[Round "-"]
[White "xadrez_e_vida"]
[Black "lesbbica"]
[Result "0-1"]
[WhiteElo "2117"]
[BlackElo "2197"]

1. d4 d5 2. c4 c6 3. Nc3 Nf6 4. e3 Bg4 5. Nf3 Nbd7 6. Bd3 e6 7. O-O Bb4 8. Bd2
O-O 9. a3 Bd6 10. b4 dxc4 11. Bxc4 a5 12. b5 c5 13. dxc5 Bxc5 14. a4 Ne5 0-1

[Event "Challenge"]
[Site "http://www.queenalice.com/game.php?id=702276"]
[Date "2009.12.23"]
[Round "-"]
[White "lesbbica"]
[Black "Capixaba789"]
[Result "1-0"]
[WhiteElo "2219"]
[BlackElo "1603"]

1. e4 e5 2. Nf3 Nf6 3. d4 exd4 4. e5 Bb4+ 5. c3 dxc3 6. bxc3 Bc5 7. exf6 Qxf6 8.
Bc4 d6 9. Bg5 Qg6 10. Qe2+ Be6 11. Bd3 Qh5 12. Bf5 O-O 13. Bxe6 fxe6 14. Qxe6+
Kh8 15. O-O Nc6 16. Nbd2 Rae8 17. Qb3 Bb6 18. Kh1 h6 19. Bh4 Ne5 20. Rae1 Nxf3
21. Rxe8 Rxe8 22. Nxf3 c5 23. Bg3 d5 24. Rd1 c4 25. Qb5 Re2 26. Rxd5 Qg6 27.
Qxc4 Bxf2 28. Qxe2 Bxg3 29. hxg3 Qxg3 30. Qd3 1-0

[Event "Challenge"]
[Site "http://www.queenalice.com/game.php?id=702363"]
[Date "2009.12.23"]
[Round "-"]
[White "lesbbica"]
[Black "Capixaba789"]
[Result "0-1"]
[WhiteElo "2220"]
[BlackElo "1601"]

1. d4 e6 2. e4 d6 3. Bb5+ Bd7 4. Nc3 Bxb5 5. Nxb5 Nc6 6. Nf3 Nf6 7. Qe2 Be7 8.
O-O a6 9. Nc3 Qd7 10. Re1 O-O-O 11. Bf4 h6 12. d5 Na7 13. Qc4 e5 14. Be3 Kb8 15.
a4 Rc8 16. b4 c5 17. bxc5 dxc5 18. Nxe5 Qc7 19. Nxf7 Rhf8 20. e5 Rxf7 21. exf6
Bd6 22. fxg7 Rxg7 23. h3 Rcg8 24. g3 Bxg3 25. fxg3 Qxg3+ 26. Kf1 Qg2# 0-1

[Event "Challenge"]
[Site "http://www.queenalice.com/game.php?id=704597"]
[Date "2009.12.28"]
[Round "-"]
[White "lesbbica"]
[Black "fkaugusto"]
[Result "1-0"]
[WhiteElo "2215"]
[BlackElo "2025"]

1. e4 c5 2. Nf3 d6 3. d4 cxd4 4. Nxd4 Nf6 5. Nc3 g6 6. Be3 Bg7 7. Bc4 Nc6 8.
Nxc6 bxc6 9. O-O O-O 10. Rb1 Ng4 11. Bd2 Ne5 12. Be2 c5 13. Bg5 Bb7 14. Qd2 a6
15. Rfd1 Qc7 16. Nd5 Bxd5 17. exd5 Rfe8 18. Re1 e6 19. dxe6 Rxe6 20. Qd5 Ra7 21.
c4 Qc6 22. f4 Qxd5 23. cxd5 Re8 24. fxe5 Rxe5 25. Bf4 Rxd5 26. Bf3 Rd3 27. Re8+
Bf8 28. Bh6 1-0

[Event "Challenge"]
[Site "http://www.queenalice.com/game.php?id=704887"]
[Date "2009.12.28"]
[Round "-"]
[White "lesbbica"]
[Black "Arthur0007"]
[Result "1-0"]
[WhiteElo "2221"]
[BlackElo "2039"]

1. e4 e5 2. Nf3 Nf6 3. d4 Nxe4 4. Bd3 d5 5. Nxe5 Nd7 6. Nxd7 Bxd7 7. O-O Bd6 8.
c4 c6 9. f3 Bxh2+ 10. Kxh2 Qh4+ 11. Kg1 Ng3 12. Re1+ Kf8 13. Qb3 g5 14. Qxb7 Rd8
15. Qxa7 Kg7 16. cxd5 cxd5 17. Nc3 g4 18. Re5 Rhe8 19. fxg4 Rxe5 20. dxe5 Bxg4
21. Qe3 h6 22. Qf4 d4 23. e6 f5 24. Qc7+ Kh8 25. Bf4 1-0

[Event "Challenge"]
[Site "http://www.queenalice.com/game.php?id=706515"]
[Date "2009.12.31"]
[Round "-"]
[White "lesbbica"]
[Black "falekhine"]
[Result "1-0"]
[WhiteElo "2217"]
[BlackElo "2042"]

1. e4 c6 2. d4 d5 3. e5 e6 4. Nf3 c5 5. Bb5+ Bd7 6. Nc3 cxd4 7. Bxd7+ Qxd7 8.
Nxd4 a6 9. O-O Bb4 10. Bd2 Ne7 11. Qg4 Ng6 12. Nxe6 Qxe6 13. Qxb4 b5 14. Qa3 Qc6
15. Qd6 Qxd6 16. exd6 O-O 17. Nxd5 Rd8 18. Nc7 Ra7 19. Be3 Rb7 20. Rad1 a5 21.
Rd5 b4 22. Re1 Nc6 23. Bg5 Rd7 24. Re8+ Nf8 25. h4 f6 26. Bf4 Kf7 27. h5 h6 28.
Rd3 Nd8 29. Re7+ Kg8 30. Rg3 g5 31. hxg6 Nc6 32. g7 Nxe7 33. gxf8=Q+ Kxf8 34.
Bxh6+ 1-0

[Event "BRASIL-FEMININO"]
[Site "http://www.queenalice.com/game.php?id=714102"]
[Date "2010.1.15"]
[Round "1"]
[White "julianeferreira"]
[Black "lesbbica"]
[Result "1-0"]
[WhiteElo "1958"]
[BlackElo "2192"]

1. e4 c5 2. Nf3 d6 3. d4 cxd4 4. Nxd4 Nf6 5. Nc3 g6 6. Bc4 Nc6 7. Bg5 Bg7 8. Qd2
Nxe4 9. Nxe4 Bxd4 10. O-O-O O-O 11. Bb3 d5 12. Nc3 Bg4 13. f3 Be6 14. h4 Rc8 15.
h5 f6 16. Bh6 Bxc3 17. bxc3 Re8 18. Qe3 Qd6 19. hxg6 hxg6 20. Bf4 Qd7 21. Rh6
Bf7 22. Rdh1 e5 23. Rh8+ Kg7 24. R1h7# 1-0

[Event "Challenge"]
[Site "http://www.queenalice.com/game.php?id=715253"]
[Date "2010.1.17"]
[Round "-"]
[White "lesbbica"]
[Black "jiujitsubr"]
[Result "1-0"]
[WhiteElo "2204"]
[BlackElo "1760"]

1. d4 Nf6 2. c4 g6 3. Nc3 Bg7 4. e4 d6 5. Be2 O-O 6. Nf3 c6 7. O-O Nbd7 8. Bf4
Qc7 9. c5 e5 10. cxd6 Qxd6 11. Nxe5 Nxe5 12. Bxe5 Qb4 13. Qd2 c5 14. a3 Qb6 15.
Rac1 cxd4 16. Qxd4 Qxd4 17. Bxd4 a6 18. Rfd1 Re8 19. Bf3 Be6 20. e5 Nd7 21. Bxb7
Rab8 22. Bxa6 Rxb2 23. Nd5 Ra2 24. Nc7 Rd8 25. Nxe6 fxe6 26. Bc4 Rxa3 27. Bxe6+
Kh8 28. Bxd7 1-0

[Event "BRASIL"]
[Site "http://www.queenalice.com/game.php?id=722095"]
[Date "2010.1.29"]
[Round "1"]
[White "Jackzapo"]
[Black "lesbbica"]
[Result "0-1"]
[WhiteElo "1855"]
[BlackElo "2158"]

1. d4 d5 2. c4 c6 3. Nc3 e6 4. Nf3 Nf6 5. Bf4 dxc4 6. a4 Nd5 7. Bg3 Qa5 8. Qc2
Bb4 9. e3 Nxc3 10. bxc3 Bxc3+ 11. Nd2 Bxa1 0-1

[Event "AUTO-MASTER-944"]
[Site "http://www.queenalice.com/game.php?id=733785"]
[Date "2010.2.18"]
[Round "2"]
[White "Alexandrovinsk"]
[Black "lesbbica"]
[Result "1-0"]
[WhiteElo "2134"]
[BlackElo "2113"]

1. c4 c5 2. Nf3 d6 3. d4 cxd4 4. Nxd4 Nc6 5. g3 e5 6. Nb5 Be6 7. b3 Nf6 8. Bg2
d5 9. cxd5 Bxd5 10. Bxd5 Bb4+ 11. Kf1 Ne7 12. e4 Nxe4 13. Qd3 Nxf2 14. Kxf2 Nxd5
15. Qxd5 Qe7 16. Bb2 a6 17. N5c3 1-0

[Event "AUTO-MASTER-944"]
[Site "http://www.queenalice.com/game.php?id=733786"]
[Date "2010.2.18"]
[Round "2"]
[White "lesbbica"]
[Black "Alexandrovinsk"]
[Result "0-1"]
[WhiteElo "2125"]
[BlackElo "2122"]

1. e4 c5 2. Nc3 e6 3. Nge2 d5 4. d4 cxd4 5. Nxd4 a6 6. exd5 exd5 7. Be2 Bb4 8.
O-O Bxc3 9. bxc3 Ne7 10. Ba3 O-O 11. Bd3 Re8 12. Qh5 Ng6 13. Rfe1 Nc6 14. Rxe8+
Qxe8 15. Qxd5 Nxd4 0-1

[Event "AUTO-MASTER-944"]
[Site "http://www.queenalice.com/game.php?id=733789"]
[Date "2010.2.18"]
[Round "2"]
[White "Calamas"]
[Black "lesbbica"]
[Result "1-0"]
[WhiteElo "2411"]
[BlackElo "1941"]

1. e4 c5 2. Nf3 d6 3. d3 Nf6 4. g3 Nc6 5. Bg2 e5 6. Nbd2 Be7 7. O-O O-O 8. Re1
Bg4 9. c3 d5 10. exd5 Nxd5 11. Qa4 Bxf3 12. Nxf3 1-0

[Event "AUTO-MASTER-944"]
[Site "http://www.queenalice.com/game.php?id=733790"]
[Date "2010.2.18"]
[Round "2"]
[White "lesbbica"]
[Black "Calamas"]
[Result "0-1"]
[WhiteElo "1943"]
[BlackElo "2410"]

1. e4 c6 2. d4 d5 3. Nc3 dxe4 4. Nxe4 Nd7 5. Ng5 Ngf6 6. Bd3 e6 7. N1f3 Bd6 8.
c3 h6 9. Ne4 Nxe4 10. Bxe4 Qc7 11. O-O b6 0-1

[Event "AUTO-OPEN-1733"]
[Site "http://www.queenalice.com/game.php?id=739643"]
[Date "2010.3.1"]
[Round "2"]
[White "lesbbica"]
[Black "boydelta"]
[Result "0-1"]
[WhiteElo "2152"]
[BlackElo "2266"]

1. e4 Nf6 2. e5 Nd5 3. Nf3 g6 4. Nc3 Nxc3 5. dxc3 Bg7 6. Bc4 O-O 7. O-O c6 8.
Bf4 b6 9. Qe2 d5 10. Bd3 c5 11. c4 e6 12. cxd5 exd5 13. Bg5 Qc7 0-1

[Event "AUTO-OPEN-1733"]
[Site "http://www.queenalice.com/game.php?id=739644"]
[Date "2010.3.1"]
[Round "2"]
[White "boydelta"]
[Black "lesbbica"]
[Result "1-0"]
[WhiteElo "2257"]
[BlackElo "2161"]

1. Nf3 g6 2. g3 d5 3. Bg2 Nf6 4. O-O Nc6 5. d4 Bg7 6. Bf4 Nh5 7. Be3 Bf5 8. c3
O-O 9. Na3 Nf6 10. h3 Qd7 11. Kh2 Ne4 12. Nh4 Be6 13. Rc1 Bf6 14. Nf3 1-0